| 000 | 00804nam a22002177a 4500 | ||
|---|---|---|---|
| 999 |
_c16187 _d16187 |
||
| 003 | AR-CdUCM | ||
| 008 | 190502b ||||| |||| 00| 0 esp d | ||
| 040 |
_aMUNICIPALIDAD PROVINCIAL DEL CUSCO _cBIBLIOTECA MUNICIPAL DEL CUSCO |
||
| 082 |
_a869.5008 / _bC968 |
||
| 110 |
_aBiblioteca de cultura peruana _926082 |
||
| 245 | _aCostumbristas y satíricos / | ||
| 260 |
_aParís : _bDesclée de Brouwer, _c1938 |
||
| 300 |
_a343 páginas ; _c19 cm. |
||
| 440 |
_aSerie _n9 _935475 |
||
| 505 | _aLima por dentro y fuera -- Testamento cerrado -- Las profecías del cojo Prieto -- La Angulada -- A Mercedes -- A un coplero -- A mi hijo en sus días ... | ||
| 650 |
_aPoesía peruana _9806 |
||
| 650 |
_aSiglo XIX _9971 |
||
| 650 |
_aColecciones. _9607 |
||
| 942 |
_2ddc _cLIBROS |
||
| 945 |
_aacrt _d2019- 05-02 |
||